|
|
|
|
| LEADER |
00000cam a2200000 c 4500 |
| 001 |
234768746 |
| 003 |
DE-627 |
| 005 |
20251222210155.0 |
| 007 |
tu |
| 008 |
970926s1996 gw ||||| 00| ||ger c |
| 010 |
|
|
|a 97209766
|
| 015 |
|
|
|a 97,A41,0568
|2 dnb
|
| 016 |
7 |
|
|a 951366688
|2 DE-101
|
| 020 |
|
|
|a 3980416933
|c : DM 29.80 (kart.)
|9 3-9804169-3-3
|
| 035 |
|
|
|a (DE-627)234768746
|
| 035 |
|
|
|a (DE-576)05267391X
|
| 035 |
|
|
|a (DE-599)DNB951366688
|
| 035 |
|
|
|a (OCoLC)722920599
|
| 035 |
|
|
|a (OCoLC)37878950
|
| 040 |
|
|
|a DE-627
|b ger
|c DE-627
|e rakwb
|
| 041 |
|
|
|a ger
|
| 044 |
|
|
|c XA-DE
|
| 082 |
0 |
|
|a 345.43/02322
|
| 084 |
|
|
|a 19
|a 63
|a 16
|2 sdnb
|
| 084 |
|
|
|a PH 4520
|2 rvk
|0 (DE-625)rvk/136140:
|
| 084 |
|
|
|a MG 81082
|2 rvk
|0 (DE-625)rvk/122864:12046
|
| 084 |
|
|
|a 15.43
|2 bkl
|
| 084 |
|
|
|a 86.08
|2 bkl
|
| 084 |
|
|
|a 86.09
|2 bkl
|
| 100 |
1 |
|
|8 1\p
|a Jochum, Dietmar
|d 1952-
|0 (DE-588)115633790
|0 (DE-627)691469741
|0 (DE-576)289991234
|4 aut
|
| 109 |
|
|
|a Jochum, Dietmar 1952-
|
| 245 |
1 |
4 |
|a Das Politbüro auf der Anklagebank
|b [eine Dokumentation mit 8 Interviews und Nachworten]
|c von Dietmar Jochum. Hrsg. von Klaus Tzschach ...
|
| 264 |
|
1 |
|a Berlin-Lichtenrade
|b Magnus-Verl.
|c 1996
|
| 300 |
|
|
|a 454 S
|b Ill., graph. Darst
|c 21 cm
|
| 336 |
|
|
|a Text
|b txt
|2 rdacontent
|
| 337 |
|
|
|a ohne Hilfsmittel zu benutzen
|b n
|2 rdamedia
|
| 338 |
|
|
|a Band
|b nc
|2 rdacarrier
|
| 546 |
|
|
|a Deutsch
|
| 583 |
1 |
|
|a Archivierung prüfen
|c 20240324
|f DE-4165
|z 1
|2 pdager
|
| 610 |
1 |
0 |
|a SED
|
| 650 |
|
0 |
|a DDR-Geschichte
|
| 650 |
|
0 |
|a Rechtswissenschaft
|
| 651 |
|
0 |
|a Deutschland (seit 1990)
|
| 689 |
0 |
0 |
|d b
|0 (DE-588)4245310-0
|0 (DE-627)104828536
|0 (DE-576)210470356
|a Sozialistische Einheitspartei Deutschlands
|b Politbüro
|2 gnd
|
| 689 |
0 |
1 |
|d s
|0 (DE-588)4114609-8
|0 (DE-627)10582092X
|0 (DE-576)20948604X
|a Mitglied
|2 gnd
|
| 689 |
0 |
2 |
|d s
|0 (DE-588)4047577-3
|0 (DE-627)106194216
|0 (DE-576)209073985
|a Prozess
|2 gnd
|
| 689 |
0 |
|
|5 DE-101
|
| 700 |
1 |
|
|a Tzschach, Klaus
|4 oth
|
| 883 |
|
|
|8 1\p
|a cgwrk
|d 20241001
|q DE-101
|u https://d-nb.info/provenance/plan#cgwrk
|
| 935 |
|
|
|a mkri
|
| 935 |
|
|
|i Blocktest
|
| 936 |
r |
v |
|a PH 4520
|b Darstellung einzelner Prozesse
|k Rechtswissenschaft
|k Strafrecht, Strafverfahrensrecht, Kriminologie
|k Strafverfahrensrecht
|k Allgemeines
|k Darstellung einzelner Prozesse
|0 (DE-627)127195477X
|0 (DE-625)rvk/136140:
|0 (DE-576)20195477X
|
| 936 |
r |
v |
|a MG 81082
|b Politische Führung, Rekrutierung, Repräsentation
|k Politologie
|k Politische Systeme einzelner Länder
|k Europa, Nordamerika
|k Osteuropa (ehem. Ostblock)
|k DDR (bis 1990)
|k Politisches Verhalten, politische Psychologie, politisches Bewußtsein
|k Politische Führung, Rekrutierung, Repräsentation
|0 (DE-627)1271550903
|0 (DE-625)rvk/122864:12046
|0 (DE-576)201550903
|
| 936 |
b |
k |
|a 15.43
|j Deutsche Geschichte des 19. Jahrhunderts bis zur Gegenwart
|0 (DE-627)181569701
|
| 936 |
b |
k |
|a 86.08
|j Rechtspflege
|j Rechtsprechungslehre
|0 (DE-627)106413473
|
| 936 |
b |
k |
|a 86.09
|j Rechtsgeschichte
|0 (DE-627)106413481
|
| 951 |
|
|
|a BO
|
| ELC |
|
|
|b 1
|
| LOK |
|
|
|0 000 xxxxxcx a22 zn 4500
|
| LOK |
|
|
|0 001 3126234658
|
| LOK |
|
|
|0 003 DE-627
|
| LOK |
|
|
|0 004 234768746
|
| LOK |
|
|
|0 005 19960731000000
|
| LOK |
|
|
|0 008 960624||||||||||||||||ger|||||||
|
| LOK |
|
|
|0 040
|a DE-Frei85
|c DE-627
|d DE-Frei85
|
| LOK |
|
|
|0 852
|a DE-Frei85
|
| LOK |
|
|
|0 852 1
|m p
|9 00
|
| LOK |
|
|
|0 938
|k p
|
| LOK |
|
|
|0 939
|a 24-06-96
|b l01
|
| ORI |
|
|
|a SA-MARC-krimdoka001.raw
|
| TIM |
|
|
|a 100019490101_100019891231
|b 1949 - 1989
|